[Event "Cansys IM-A"]
[Site "Budapest"]
[Date "1991.??.??"]
[Round "5"]
[White "Schwarz, Michael"]
[Black "Arsovic, Goran"]
[Result "0-1"]
[WhiteElo "2315"]
[BlackElo "2340"]

1.c4 Nf6 2.g3 g6 3.Bg2 Bg7 4.Nf3 O-O 5.O-O c5 6.Nc3 Nc6 7.d3 b6 8.Bd2 Bb7
9.Rb1 d5 10.Qa4 d4 11.Nd1 Nd7 12.e4 dxe3 13.fxe3 Qc7 14.Nc3 e6 15.Nb5 Qb8
16.d4 a6 17.Nc3 cxd4 18.exd4 b5 19.cxb5 axb5 20.Qxb5 Nxd4 21.Nxd4 Bxd4+ 22.Kh1 Bxg2+
23.Kxg2 Bxc3 24.Qxd7 Ra7 25.Qd3 Bxd2 26.Qxd2 Rxa2 27.Rf2 h5 28.Rbf1 Qb7+
29.Kh3 e5 30.Qd6 Qc8+ 31.Kg2 Qb8 32.Qd2 Qb7+ 33.Kh3 Qc8+ 34.Kg2 Qc6+ 35.Kh3 Qe6+
36.Kg2 Rb8 37.Qc3 Rb3 38.Qc1 Qd5+ 39.Kg1 Ra7 40.Rd1 Rd3 41.Rxd3 Qxd3 42.Qc6 Rd7
43.b4 e4 44.b5 e3 45.Rc2 Qd1+ 46.Kg2  0-1

[Event "Honved"]
[Site "Budapest"]
[Date "1991.??.??"]
[Round "8"]
[White "Csom, Istvan"]
[Black "Stefansson, Hannes"]
[Result "1/2-1/2"]
[WhiteElo "2460"]
[BlackElo "2470"]

1.c4 Nf6 2.Nf3 g6 3.g3 Bg7 4.Bg2 O-O 5.d4 d6 6.Nc3 Nbd7 7.O-O e5 8.h3 c6
9.e4 Qb6 10.c5 dxc5 11.dxe5 Ne8 12.Qc2 Qa6 13.Bg5 Nc7 14.Be7 Re8 15.Bd6 Qa5
16.Nd2 Ne6 17.f4 b5 18.a4 b4 19.Ne2 Ba6 20.Rf2 Bxe2 21.Nb3 Qa6 22.Qxe2 Qxe2
23.Rxe2 c4 24.Na5 g5 25.Rf2 gxf4 26.gxf4 c3 27.bxc3 bxc3 28.Rc1 Bh6 29.Rxc3 Bxf4
30.Nxc6 Kh8 31.Kf1 a5 32.Bf3 Ng5 33.h4 Nh3 34.Bg4 Nxf2 35.Bxd7 Nxe4 36.Rd3 Rg8
37.Rd4 Ng3+ 38.Kf2 Nh5 39.Ne7 Rg7 40.Nf5 Rg4 41.Kf3 Rg1 42.Bb5 Bh2 43.Rd2 Bf4  1/2-1/2

[Event "Spring op"]
[Site "Budapest"]
[Date "1991.??.??"]
[Round "9"]
[White "Fancsy, Imre"]
[Black "Perelshteyn, Mikhail"]
[Result "1/2-1/2"]
[WhiteElo "2310"]
[BlackElo "2330"]

1.Nf3 Nf6 2.c4 g6 3.g3 Bg7 4.Bg2 O-O 5.d4 d6 6.Nc3 Nc6 7.O-O a6 8.h3 Rb8
9.e4 b5 10.e5 dxe5 11.dxe5 Qxd1 12.Rxd1 Nd7 13.e6 fxe6 14.cxb5 axb5 15.Be3 Nb6
16.Ng5 Nb4 17.Bc5 Na6 18.Bd4 b4 19.Bxg7 Kxg7 20.Nce4 h6 21.Nf3 Bb7 22.Nd4 Bd5
23.Rac1 Nd7 24.Nc6 Rbe8 25.Rd4 Kf7 26.f4 Ra8 27.b3 Rfc8 28.Nf2 Bxg2 29.Kxg2 Nab8
30.Nxb4 c5 31.Rd2 e5 32.Ne4 exf4 33.gxf4 Nf6 34.Nxf6 exf6 35.Rd5 Na6 36.Nd3 Ke6
37.Rdxc5 Nxc5 38.Rxc5 Rxa2+ 39.Kf3 Rxc5 40.Nxc5+ Kf5  1/2-1/2

[Event "Buenos Aires Konex"]
[Site "Buenos Aires"]
[Date "1991.??.??"]
[Round "2"]
[White "Szmetan, Jorge"]
[Black "Olivieri, Martin"]
[Result "1-0"]
[WhiteElo "2385"]
[BlackElo "2215"]

1.Nf3 Nf6 2.c4 g6 3.g3 Bg7 4.Bg2 O-O 5.O-O d6 6.d4 Nc6 7.Nc3 Bg4 8.h3 Bxf3
9.Bxf3 Nd7 10.Bg2 Nxd4 11.Bxb7 Ne5 12.Bxa8 Qxa8 13.f4 Nxc4 14.Qd3 Qc6 15.Kh2 Nb6
16.Be3 Qc4 17.Rfd1 Qxd3 18.Rxd3 Nc2 19.Rb1 Nb4 20.Rdd1 c5 21.Bf2 Nc4 22.b3 Nb6
23.Rbc1 a5 24.a3 Nc6 25.Nb5 Nc8 26.e4 N8a7 27.Nxa7 Nxa7 28.e5 Nc8 29.Be1 dxe5
30.fxe5 Bxe5 31.Rxc5 f6 32.Rxa5 Nd6 33.Rc1 Rd8 34.Rd5 Kf7 35.a4 Ke6 36.Rd3 Ra8
37.Kg2 Kf5 38.Kf3 h5 39.Bc3 Rc8 40.Bd2 Ra8 41.Bf4 Ra5 42.Bxe5 Rxe5 43.b4 Ne4
44.h4 g5 45.a5 g4+ 46.Kg2 Nd6 47.Rc5 Ke4 48.Rxe5+ Kxd3  1-0

[Event "Buenos Aires Konex"]
[Site "Buenos Aires"]
[Date "1991.??.??"]
[Round "4"]
[White "Fulgenzi, Ernesto"]
[Black "Fiorito, Fabian"]
[Result "1-0"]
[WhiteElo "2335"]
[BlackElo "2435"]

1.Nf3 Nf6 2.c4 g6 3.g3 Bg7 4.Bg2 O-O 5.O-O d6 6.d3 e5 7.Nc3 Nc6 8.Rb1 a5
9.a3 h6 10.b4 axb4 11.axb4 Be6 12.b5 Ne7 13.Bb2 Qd7 14.Re1 Bh3 15.Bh1 Ng4
16.d4 Qf5 17.e4 Qh5 18.dxe5 dxe5 19.Nd5 Nxd5 20.exd5 Rfe8 21.Nd2 Bf8 22.Bf3 Bb4
23.Ne4 Be7 24.Bxe5 Qf5 25.Bc3 Ne5 26.Bxe5 Qxe5 27.Bg4 Bxg4 28.Qxg4 Bf8 29.Qf4 Bg7
30.d6 f5 31.d7 Re7 32.Qxe5 Rxe5 33.Nc5 b6 34.Nb7  1-0

[Event "Buenos Aires Konex"]
[Site "Buenos Aires"]
[Date "1991.??.??"]
[Round "4"]
[White "Szmetan, Jorge"]
[Black "Milos, Gilberto"]
[Result "1/2-1/2"]
[WhiteElo "2385"]
[BlackElo "2530"]

1.Nf3 Nf6 2.c4 g6 3.g3 Bg7 4.Bg2 O-O 5.O-O d6 6.d4 Nbd7 7.Nc3 e5 8.e4 exd4
9.Nxd4 Re8 10.h3 c6 11.Be3 a5 12.Qc2 Nc5 13.Rad1 Qc7 14.Ndb5 cxb5 15.Nxb5 Qe7
16.Nxd6 Na6 17.Nxe8 Nxe8 18.f4 Nb4 19.Qf2 Bf8 20.b3 Bd7 21.Rd2 Bc6 22.e5 Bxg2
23.Qxg2 Rd8 24.Rfd1 Rxd2 25.Qxd2 Ng7 26.Qd7 Ne6 27.Qxe7 Bxe7 28.Rd7 Bc5 29.Kf2 b6
30.a4 h5 31.Bxc5 bxc5 32.Ra7 Nc6 33.Ra6 Ned4 34.Ke3 Nf5+ 35.Kf2 Nfd4 36.Ke3 Nf5+
37.Kf2 Nfd4  1/2-1/2

[Event "Buenos Aires Najdorf"]
[Site "Buenos Aires"]
[Date "1991.??.??"]
[Round "6"]
[White "Milos, Gilberto"]
[Black "Dolmatov, Sergey"]
[Result "1-0"]
[WhiteElo "2530"]
[BlackElo "2620"]

1.Nf3 Nf6 2.c4 g6 3.g3 Bg7 4.Bg2 O-O 5.O-O d6 6.Nc3 e5 7.d4 Nbd7 8.e4 c6
9.b3 exd4 10.Nxd4 Re8 11.h3 Nc5 12.Re1 a5 13.Rb1 Nfd7 14.Be3 Ne5 15.Re2 f5
16.exf5 gxf5 17.Rd2 Nf7 18.Qc2 Rxe3 19.fxe3 Qg5 20.Kf2 Bd7 21.Nce2 Qf6 22.Nf4 Ng5
23.Kg1 Nge4 24.Bxe4 Nxe4 25.Rg2 Qe5 26.Rf1 Nf6 27.Kh2 c5 28.Nd3 Qe4 29.Rf4 cxd4
30.Rxe4 fxe4 31.Nf4 d3 32.Qd1 Re8 33.g4 Bc8 34.g5 Nd7 35.Qh5 Re5 36.Nd5 Nf8
37.Nf6+ Kh8 38.Qf7 Be6 39.Qxb7 d2 40.Nh5  1-0

[Event "Cacak"]
[Site "Cacak"]
[Date "1991.??.??"]
[Round "10"]
[White "Abramovic, Bosko"]
[Black "Marinkovic, Ivan"]
[Result "1/2-1/2"]
[WhiteElo "2520"]
[BlackElo "2455"]

1.c4 Nf6 2.g3 g6 3.Bg2 Bg7 4.Nf3 O-O 5.O-O d5 6.d4 c6 7.Nbd2 b6 8.b3 Bb7
9.Bb2 Nbd7 10.Qc2 Rb8 11.Rad1 e6 12.e4 dxe4 13.Nxe4 Nxe4 14.Qxe4 c5 15.Qe2 Qc7
16.Rd2 Rbd8 17.Rfd1 Nb8 18.dxc5 bxc5 19.Bxg7 Kxg7 20.Qe5+ Qxe5 21.Nxe5 Rxd2
22.Rxd2 Bxg2 23.Kxg2 f6 24.Nd3 Rc8 25.Kf3 Kf7 26.Ke3 Ke7 27.f4 Nd7 28.g4 f5
29.gxf5 gxf5 30.Rg2 Kf6 31.Ne1 Rc6 32.Nf3 Ra6 33.h4 e5 34.h5 exf4+ 35.Kxf4 Nf8
36.Ng5 Ne6+ 37.Nxe6 Rxe6 38.Rg8 Re4+ 39.Kf3 Rh4 40.Rc8 Rh2 41.Rxc5 Rxa2 42.b4 Kg5
43.b5 Ra3+ 44.Ke2 Kg4 45.Rc7 f4 46.Rg7+ Kxh5 47.c5 Rb3 48.Rxh7+ Kg4 49.Rg7+ Kf5
50.Rb7 f3+ 51.Kf2 Kf4 52.c6 Rb2+ 53.Ke1 f2+ 54.Kf1 Kf3 55.Rf7+ Ke3 56.Re7+  1/2-1/2

[Event "Cappelle op"]
[Site "Cappelle la Grande"]
[Date "1991.??.??"]
[Round "?"]
[White "Roos, Celine"]
[Black "Werner, Dimo"]
[Result "1/2-1/2"]
[WhiteElo "2145"]
[BlackElo "2395"]

1.c4 Nf6 2.Nf3 g6 3.g3 Bg7 4.Bg2 O-O 5.d4 d6 6.Nc3 Nc6 7.O-O a6 8.h3 Rb8
9.e4 b5 10.cxb5 axb5 11.e5 dxe5 12.dxe5 Qxd1 13.Rxd1 Nd7 14.e6 fxe6 15.Be3 b4
16.Ne2 Bxb2 17.Rab1 Bf6 18.Rbc1 Nce5 19.Nfd4 Nb6 20.Rxc7 Nd5 21.Bxd5 exd5
22.Nf4 Rd8 23.Nde6 Rd6 24.Ba7 Ra8 25.Nd4 Ba6 26.Bc5 Rd7 27.Rxd7 Nxd7 28.Nde6 Nxc5
29.Nxc5 Bc4 30.Nxd5 Bxd5 31.Rxd5 Rxa2 32.Kg2 Ra5 33.Rd8+ Kf7 34.Rc8 Rb5 35.Nb3 Ke6
36.Kf3 Kd6 37.Ke4 Bc3 38.f4 Rh5 39.h4 Be1 40.Rd8+ Kc7 41.Rd3 Kb6 42.Re3 Bf2
43.Rf3 Bc5 44.Rd3 Bd6 45.Rd1 Rf5 46.Rb1 Rf8 47.Rc1 Ra8 48.Kd5 Ra3 49.Rb1 Ra2
50.Nd4 h5 51.Re1 Ra3 52.f5 Rxg3 53.f6 exf6 54.Kxd6 Ka5 55.Ke6 g5 56.Kxf6 gxh4
57.Re5+ Ka4 58.Rxh5 Rg4 59.Ke5 b3 60.Nxb3 Kxb3 61.Kf5  1/2-1/2

[Event "JUG-chT Cetinje"]
[Site "Cetinje"]
[Date "1991.??.??"]
[Round "5"]
[White "Paunovic, Dragan"]
[Black "Tosic, Miroslav"]
[Result "1-0"]
[WhiteElo "2455"]
[BlackElo "2455"]

1.Nf3 Nf6 2.c4 g6 3.g3 Bg7 4.Bg2 O-O 5.O-O c5 6.d4 cxd4 7.Nxd4 Nc6 8.c5 d5
9.cxd6 Nxd4 10.Qxd4 Ne8 11.Qb4 Qxd6 12.Qa5 b6 13.Qg5 Rb8 14.Nc3 Bb7 15.e4 h6
16.Qb5 Qe6 17.Qa4 a6 18.Bf4 Nd6 19.Rad1 g5 20.Bxd6 exd6 21.Qb4 Rfd8 22.Nd5 b5
23.f4 Bxd5 24.Rxd5 gxf4 25.gxf4 Rbc8 26.Qd2 Qf6 27.b3 Rc5 28.Rd3 Rc3 29.Rff3 Rdc8
30.Rxc3 Qd4+ 31.Qxd4 Bxd4+ 32.Rce3 Rc3 33.Kf2 Bc5 34.Ke2 Rc2+ 35.Kd3  1-0

[Event "JUG-chT Cetinje"]
[Site "Cetinje"]
[Date "1991.??.??"]
[Round "8"]
[White "Djuric, Stefan"]
[Black "Nikolic, Zivoslav"]
[Result "1-0"]
[WhiteElo "2540"]
[BlackElo "2430"]

1.c4 Nf6 2.Nf3 g6 3.g3 Bg7 4.Bg2 O-O 5.O-O d5 6.cxd5 Nxd5 7.d4 Nc6 8.Nc3 Nb6
9.e3 e5 10.d5 Ne7 11.e4 Bg4 12.h3 Bxf3 13.Qxf3 Nc4 14.Qe2 Nd6 15.h4 f5 16.Bh3 c6
17.Bg5 h6 18.Bxe7 Qxe7 19.dxc6 bxc6 20.h5 f4 21.hxg6 Rf6 22.Qh5 Raf8 23.Rad1 Qe8
24.Kh2 Qxg6 25.Qxg6 Rxg6 26.Rd3 Rb8 27.b3 Nb5 28.Nxb5 fxg3+ 29.fxg3 cxb5
30.Rd7 a6 31.Rc1 Bf8 32.Rcc7 Rbb6 33.Bf5 Rgf6  1-0

[Event "Cheliabinsk-B"]
[Site "Cheliabinsk"]
[Date "1991.??.??"]
[Round "?"]
[White "Panchenko, Alexander N"]
[Black "Czerwonski, Aleksander"]
[Result "1/2-1/2"]
[WhiteElo "2445"]
[BlackElo "2350"]

1.Nf3 Nf6 2.c4 g6 3.g3 Bg7 4.Bg2 O-O 5.O-O c5 6.d4 cxd4 7.Nxd4 d6 8.Nc3 Qa5
9.Qd2 Qc5 10.b3 Ne4 11.Nxe4 Qxd4 12.Qxd4 Bxd4 13.Bh6 Bxa1  1/2-1/2

[Event "Politicen Cup"]
[Site "Copenhagen"]
[Date "1991.??.??"]
[Round "?"]
[White "McNab, Colin Anderson"]
[Black "Kristensen, Jorgen Juul"]
[Result "1/2-1/2"]
[WhiteElo "2420"]
[BlackElo "2290"]

1.Nf3 Nf6 2.c4 g6 3.g3 Bg7 4.Bg2 O-O 5.O-O d6 6.d4 Nbd7 7.Qc2 e5 8.Rd1 Qe7
9.Nc3 c6 10.b3 exd4 11.Nxd4 Nc5 12.Bf4 Ne8 13.Be3 Nf6 14.h3 Ne6 15.Rac1 Bd7
16.Rd2 Rfe8 17.Qd1 Nc5 18.Bg5 a5 19.e4 h6 20.Bxf6 Bxf6 21.Nde2 Rad8 22.Qc2 Bc8
23.Rcd1 Bg7 24.Nd4 h5 25.a3 h4 26.g4 Bh6 27.Re2 Bf4 28.b4 axb4 29.axb4 Ne6
30.Nf3 Be5 31.Red2 Nf4 32.Nxe5 dxe5 33.c5 Kg7  1/2-1/2

[Event "Politicen Cup"]
[Site "Copenhagen"]
[Date "1991.??.??"]
[Round "?"]
[White "McNab, Colin Anderson"]
[Black "Fishbein, Alexander"]
[Result "1-0"]
[WhiteElo "2420"]
[BlackElo "2465"]

1.Nf3 Nf6 2.c4 g6 3.g3 Bg7 4.Bg2 O-O 5.d4 d6 6.O-O Nbd7 7.Qc2 e5 8.Rd1 Re8
9.Nc3 c6 10.dxe5 dxe5 11.e4 Qe7 12.h3 Nh5 13.Be3 Nc5 14.b4 Ne6 15.c5 Rf8
16.Rd6 f5 17.exf5 gxf5 18.Re1 e4 19.Nh4 Be5 20.Bh6 Nhg7 21.Nxe4 Bxd6 22.Nxd6 Qf6
23.Bc1 Bd7 24.Bb2 Qg5 25.Nf3 Qh6 26.Qc3 Rae8 27.Nxe8 Rxe8 28.Ne5 Re7 29.Nc4 f4
30.Nd6 f3 31.Bxf3 Qxh3 32.Qf6 Re8  1-0

[Event "Copenhagen op"]
[Site "Copenhagen"]
[Date "1991.??.??"]
[Round "8"]
[White "Mikhalchishin, Adrian"]
[Black "Hellers, Ferdinand"]
[Result "1/2-1/2"]
[WhiteElo "2530"]
[BlackElo "2550"]

1.Nf3 Nf6 2.c4 g6 3.g3 Bg7 4.Bg2 O-O 5.d4 d6 6.O-O Nbd7 7.Qc2 e5 8.Rd1 Re8
9.dxe5 dxe5 10.e4 c6 11.h3 Qc7 12.c5 b6 13.b4 a5 14.cxb6 Nxb6 15.bxa5 Rxa5
16.Bd2 Ra8 17.Bb4 Bf8 18.Bxf8 Rxf8 19.Rc1 Bb7 20.Nbd2 Nfd7 21.a4 Ra5 22.Bf1 Rfa8
23.Bc4 Nc5 24.Nb3 Rxa4 25.Rxa4 Ncxa4 26.Bb5 Qe7 27.Bxc6 Bxc6 28.Qxc6 Rc8
29.Qb5 Nc3  1/2-1/2

[Event "Corfu op"]
[Site "Corfu"]
[Date "1991.??.??"]
[Round "6"]
[White "Radulov, Ivan"]
[Black "Vandoros, Dimitrios"]
[Result "1-0"]
[WhiteElo "2405"]
[BlackElo "2270"]

1.Nf3 Nf6 2.g3 g6 3.Bg2 Bg7 4.c4 O-O 5.O-O d6 6.d4 Nc6 7.Nc3 e5 8.h3 Nxd4
9.Nxd4 exd4 10.Qxd4 Be6 11.Qd3 Nd7 12.b3 Nc5 13.Qd2 a5 14.Ba3 a4 15.b4 Nd7
16.Rac1 c6 17.Nd5 cxd5 18.cxd5 Bf5 19.e4 Bxe4 20.Bxe4 f5 21.Bg2 f4 22.gxf4 Bh6
23.Rc4 Qh4 24.Bc1 Rf7 25.Qe2 Nb6 26.Re4 Bxf4 27.Qb5  1-0

[Event "Corfu op"]
[Site "Corfu"]
[Date "1991.??.??"]
[Round "9"]
[White "Greenfeld, Alon"]
[Black "Ghinda, Mihail Viorel"]
[Result "1-0"]
[WhiteElo "2520"]
[BlackElo "2450"]

1.Nf3 Nf6 2.c4 g6 3.g3 Bg7 4.Bg2 O-O 5.d4 d6 6.O-O Nc6 7.Nc3 Rb8 8.b3 a6
9.e3 Bd7 10.Qe2 Qc8 11.d5 Na7 12.Bb2 Bh3 13.Rfd1 Bxg2 14.Kxg2 c5 15.a4 b6
16.e4 Nd7 17.Re1 e5 18.dxe6 fxe6 19.h4 Nc6 20.Nd1 Bxb2 21.Nxb2 Nde5 22.Nxe5 dxe5
23.Qg4 Nd4 24.Nd3 Qc7 25.h5 Qg7 26.hxg6 hxg6 27.Rad1 a5 28.Rh1 Rf3 29.Qg5 Rbf8
30.Rh6 R8f6 31.Rdh1 Rxd3 32.Rh8+ Qxh8 33.Rxh8+ Kxh8 34.Qxf6+ Kh7 35.Qf7+ Kh6
36.Qf8+ Kh7 37.Qf7+ Kh6 38.Qf8+ Kh7 39.Qe7+ Kh6 40.Qd8 g5 41.Qf6+ Kh5 42.Qg7 g4
43.Qxe5+ Kg6 44.Qf4 Rxb3 45.Qxg4+ Kf6 46.f4 Rb4 47.Qg5+ Kf7 48.f5 exf5 49.exf5 Rxc4
50.Qg6+ Kf8 51.f6 Ne6 52.Qh7  1-0

[Event "CZE-ch"]
[Site "CSR"]
[Date "1991.??.??"]
[Round "6"]
[White "Sykora, Robert"]
[Black "Hausner, Ivan"]
[Result "0-1"]
[WhiteElo "2200"]
[BlackElo "2440"]

1.Nf3 Nf6 2.c4 g6 3.g3 Bg7 4.Bg2 O-O 5.O-O d6 6.d4 Nbd7 7.Nc3 e5 8.e4 exd4
9.Nxd4 Re8 10.h3 Nc5 11.Re1 a5 12.Rb1 Nfd7 13.Be3 c6 14.b3 Ne5 15.Bf1 h5
16.f4 Ned7 17.Bg2 Nf6 18.Bf2 Nh7 19.Qd2 Qb6 20.a3 Qc7 21.Red1 Qe7 22.Nde2 Nf6
23.Bxc5 dxc5 24.e5 Nh7 25.Ne4 Bf5 26.N2c3 f6 27.exf6 Nxf6 28.Re1 Rad8 29.Qe2 Nxe4
30.Nxe4 Rd4 31.Rbd1 Bxe4 32.Rxd4 Bxd4+ 33.Kh2 Bc3  0-1

[Event "CZE-ch"]
[Site "CSR"]
[Date "1991.??.??"]
[Round "8"]
[White "Jirovsky, Milos"]
[Black "Pribyl, Josef"]
[Result "0-1"]
[WhiteElo "2310"]
[BlackElo "2390"]

1.Nf3 Nf6 2.c4 g6 3.g3 Bg7 4.Bg2 O-O 5.O-O d5 6.cxd5 Nxd5 7.d4 Nc6 8.e4 Nb6
9.d5 Na5 10.Nc3 c6 11.Bg5 h6 12.Bf4 cxd5 13.exd5 Nac4 14.Qe2 e5 15.dxe6 Bxe6
16.Rfd1 Qc8 17.Rac1 g5 18.Be5 Nxe5 19.Nxe5 Qc7 20.Nd3 Rad8 21.Qf3 Bc8 22.a4 Qc4
23.Ne4 Qxa4 24.Nec5 Qb5 25.Bf1 Rd4 26.Re1 Nc4 27.b3 Nd2  0-1

[Event "DEN-chT"]
[Site "DEN"]
[Date "1991.??.??"]
[Round "3"]
[White "Nielsen, Peter Heine"]
[Black "Kjeldsen, Jens"]
[Result "0-1"]
[WhiteElo "2365"]
[BlackElo "2305"]

1.c4 Nf6 2.g3 g6 3.Bg2 Bg7 4.Nf3 O-O 5.O-O d6 6.Nc3 e5 7.e4 c6 8.d4 Nbd7
9.Re1 exd4 10.Nxd4 Ng4 11.Qxg4 Bxd4 12.Be3 Bg7 13.Qe2 Ne5 14.h3 Be6 15.c5 Nc4
16.Rad1 Qa5 17.cxd6 Rfd8 18.Bd4 Rxd6 19.Bxg7 Rxd1 20.Rxd1 Kxg7 21.Qc2 Rd8
22.Rxd8 Qxd8 23.Ne2 f6 24.Nf4 Bf7 25.Qd3 Qxd3 26.Nxd3 Nd2 27.Nc1 Kf8 28.f4 Nc4
29.b3 Ne3 30.Bf3 Ke7 31.Kf2 Nc2 32.Bd1 Nd4 33.Ke3 c5 34.Ne2 Nb5 35.Kd3 a5
36.Nc3 Nxc3 37.Kxc3 b5 38.a3 b4+ 39.axb4 axb4+ 40.Kc2 c4 41.bxc4 Bxc4 42.h4 Kd6
43.g4 Kc5 44.g5 fxg5 45.hxg5 Kd4  0-1

[Event "Dortmund-B"]
[Site "Dortmund"]
[Date "1991.??.??"]
[Round "2"]
[White "Vogt, Lothar"]
[Black "Stangl, Markus"]
[Result "1/2-1/2"]
[WhiteElo "2510"]
[BlackElo "2480"]

1.Nf3 Nf6 2.c4 g6 3.g3 Bg7 4.Bg2 O-O 5.O-O d6 6.d4 Nc6 7.Nc3 Bf5 8.d5 Na5
9.Nd4 Bd7 10.b3 c5 11.dxc6 bxc6 12.Bb2 Rb8 13.Rb1 c5 14.Nc2 Nc6 15.Qd2 Qa5
16.Rfd1 Rfe8 17.Na4 Qxd2 18.Rxd2 Na5 19.Bxf6 Nxc4 20.Rdd1 exf6 21.Nxc5 dxc5
22.Rxd7 Rxe2 23.Re1 Ne5 24.Rxe2 Nxd7 25.Ne3 f5 26.Nc4 Kf8 27.Na5 Ne5 28.Nc6 Nxc6
29.Bxc6 Rd8 30.Kg2 h5 31.f4 h4 32.Rc2 hxg3 33.hxg3 Rd1 34.Bf3 Ra1 35.a4 Bd4
36.Bd5 f6 37.Bc4 g5 38.Be6 Rb1 39.Re2 a5 40.Bc4 Rg1+ 41.Kh3 gxf4 42.gxf4 Rg4
43.Re1 Bf2 44.Rf1 Rh4+ 45.Kg2 Be3 46.Be2 Bxf4 47.Rh1 Rxh1 48.Kxh1 Ke7  1/2-1/2

[Event "Dortmund-B"]
[Site "Dortmund"]
[Date "1991.??.??"]
[Round "5"]
[White "Stangl, Markus"]
[Black "Lutz, Christopher"]
[Result "1/2-1/2"]
[WhiteElo "2480"]
[BlackElo "2500"]

1.Nf3 Nf6 2.c4 g6 3.g3 Bg7 4.Bg2 O-O 5.d4 c6 6.Nc3 d5 7.Qb3 Qb6 8.O-O Na6
9.h3 Bf5 10.Qxb6 axb6 11.cxd5 Nxd5 12.Nxd5 cxd5 13.Bd2 Be4 14.e3 Nb8 15.Rfc1 Nc6
16.Ne1 Bxg2 17.Kxg2 Rfc8 18.Rc3 Na5 19.Rac1 Rxc3 20.Bxc3 Nc6 21.a3 e6 22.Nd3 Bf8
23.Bd2 Bd6 24.Rc3 Na5 25.Bc1  1/2-1/2

[Event "Dortmund-D"]
[Site "Dortmund"]
[Date "1991.??.??"]
[Round "5"]
[White "Schwartzman, Gabriel"]
[Black "Schaefer, Markus"]
[Result "1/2-1/2"]
[WhiteElo "2325"]
[BlackElo "2400"]

1.c4 Nf6 2.Nf3 g6 3.g3 Bg7 4.Bg2 O-O 5.Nc3 c6 6.d4 d5 7.cxd5 cxd5 8.Ne5 e6
9.Bg5 Qb6 10.Qd2 Nbd7 11.Be3 Ne8 12.h4 Nd6 13.g4 Qa5 14.Bh6 Nxe5 15.Bxg7 Kxg7
16.dxe5 Nc4 17.Qd4 Qb6 18.Qf4 Qxb2 19.Rc1 f6 20.O-O Nxe5 21.Na4 Qxe2 22.g5 Nc6
23.Rfe1 Qxa2 24.Rxc6 bxc6 25.h5 e5 26.gxf6+ Rxf6 27.h6+ Kf7 28.Qxe5 Qxf2+
29.Kh1 Qh4+  1/2-1/2

[Event "Dortmund-B"]
[Site "Dortmund"]
[Date "1991.??.??"]
[Round "8"]
[White "Stangl, Markus"]
[Black "Paehtz, Thomas Sr"]
[Result "0-1"]
[WhiteElo "2480"]
[BlackElo "2455"]

1.Nf3 Nf6 2.c4 g6 3.g3 Bg7 4.Bg2 O-O 5.d4 d6 6.O-O c6 7.b3 Qa5 8.Bb2 Re8
9.Nc3 Qh5 10.d5 Bh3 11.Qd2 Nbd7 12.Rfd1 c5 13.Nh4 Bxg2 14.Kxg2 a6 15.Nf3 h6
16.h3 g5 17.Qc2 Nf8 18.Qf5 Qg6 19.g4 Qxf5 20.gxf5 Nh5 21.e3 b5 22.Nd2 Nd7
23.Rab1 b4 24.Nce4 a5 25.h4 g4 26.Ng3 Bxb2 27.Nxh5 Be5 28.f3 gxf3+ 29.Kxf3 a4
30.Nf4 axb3 31.axb3 Kh7 32.Nd3 Rg8 33.Ne4 Ra2 34.Rd2 Rxd2 35.Nxd2 Bf6 36.Rh1 Ra8
37.Ne4 Ra3 38.Nxf6+ Nxf6 39.Rb1 Ra2 40.Rb2 Ra1 41.e4 Nd7 42.Kf4 Kg7 43.Rg2+ Kf6
44.Ke3 Rb1 45.Rb2 Rh1 46.Nf2 Rg1 47.Nd3 Rg3+ 48.Ke2 Rh3 49.Nf2 Rxh4 50.Kf3 Rh5
51.Kg3 Rg5+ 52.Ng4+ Kg7 53.Kf4 f6 54.Ra2 Ne5 55.Ne3 Rg1 56.Ra7 Kf7 57.Ra8 Rh1
58.Ng2 Rh3 59.Rh8  0-1

[Event "FRA-chT"]
[Site "FRA"]
[Date "1991.??.??"]
[Round "?"]
[White "Bellas, Alexandre"]
[Black "Hebden, Mark"]
[Result "0-1"]
[WhiteElo "2210"]
[BlackElo "2475"]

1.Nf3 Nf6 2.g3 g6 3.Bg2 Bg7 4.c4 O-O 5.O-O Nc6 6.d4 d6 7.Nc3 Rb8 8.d5 Na5
9.Qd3 c5 10.dxc6 bxc6 11.Rb1 Bf5 12.e4 Nxe4 13.Nxe4 d5 14.cxd5 cxd5 15.Nfd2 dxe4
16.Qxd8 Rfxd8 17.Bxe4 Bxe4 18.Nxe4 Nc6 19.Kg2 Rd4 20.Ng5 Ra4 21.a3 h6 22.Nf3 e5
23.Nd2 Rd4 24.Re1 a5 25.b3 f5 26.Re3 e4 27.Rc3 Rd6 28.Rc2 Nd4 29.Rc5 Ne2
30.Nc4 Rd1 31.Nxa5 Rg1+ 32.Kh3 e3 33.fxe3 Nc3 34.Rxc3 Bxc3 35.Bb2 Rxb1 36.Bxc3 Rc8
37.Bd4 Rc2 38.b4 Rh1 39.g4 f4 40.exf4 Rd1  0-1

[Event "FRA-chT"]
[Site "FRA"]
[Date "1991.??.??"]
[Round "?"]
[White "Adrian, Claude"]
[Black "Guidez, Yann Michel"]
[Result "1/2-1/2"]
[WhiteElo "2260"]
[BlackElo "2320"]

1.c4 Nf6 2.Nf3 g6 3.g3 Bg7 4.Bg2 O-O 5.d4 c6 6.Nc3 d5 7.cxd5 Nxd5 8.O-O Nd7
9.e4 Nxc3 10.bxc3 Qa5 11.Bg5 Re8 12.e5 Nb6 13.Qc1 Bg4 14.Nd2 Na4 15.Ne4 Bf5
16.Qa3 f6 17.exf6 Bxe4 18.f7+ Kxf7 19.Bxe4 Qxg5 20.Qxa4 e6 21.Rab1 Qe7 22.f4 Kg8
23.Qb3 Rab8 24.f5 g5 25.Rbe1 Kh8 26.Bb1 e5 27.f6 Bxf6 28.Qc2 e4 29.Rxe4 Qxe4
30.Qxe4 Rxe4 31.Bxe4 Kg7 32.Rb1 c5 33.dxc5 Bxc3 34.c6 b6 35.Rd1 Be5 36.Rd7+ Kf6
37.Rxh7 a5 38.a4 Rd8 39.Kf2 Rd4 40.Kf3 Rxa4 41.Bd5 g4+ 42.Ke3 Ra3+ 43.Kd2 Bc3+
44.Kc2 Be5 45.Rf7+ Kg5 46.Re7 Bf6 47.Rb7 Rc3+ 48.Kd2 Rc5 49.Be4 Bd8 50.Rg7+ Kf6
51.Rxg4 a4 52.Rg8 Bc7 53.Rg6+ Kf7 54.Rh6 Be5 55.Rh5 Bc3+ 56.Kd3 Rxh5 57.Kxc3 Ke7
58.Kb4 a3 59.Kxa3 Rxh2 60.Bf5 Kd6 61.Bd7 Rg2 62.g4  1/2-1/2

[Event "FRA-chT"]
[Site "FRA"]
[Date "1991.??.??"]
[Round "?"]
[White "Hauchard, Arnaud"]
[Black "Gachon, Lionel"]
[Result "1-0"]
[WhiteElo "2420"]
[BlackElo "2280"]

1.Nf3 Nf6 2.c4 g6 3.g3 Bg7 4.Bg2 O-O 5.O-O d6 6.d4 Nc6 7.d5 Na5 8.Nbd2 c5
9.Ne1 a6 10.Nc2 Nd7 11.Rb1 b5 12.cxb5 axb5 13.b4 Nc4 14.a3 Nxd2 15.Qxd2 Rb8
16.Bb2 Bxb2 17.Rxb2 Nb6 18.Ne3 Na4 19.Rbb1 Bd7 20.h4 f5 21.Nc2 Qe8 22.e4 Qf7
23.f4 fxe4 24.Bxe4 Qg7 25.Rb3 Nb6 26.Ne3 Nc4 27.Qe2 Qd4 28.Bg2 Nd2 29.Rd1 Nxb3
30.Rxd4 Nxd4 31.Qd3 Nf5 32.bxc5 dxc5 33.Nxf5 Bxf5 34.Qe3 c4 35.Qxe7 Rfe8
36.Qb4 Be4 37.d6 Bxg2 38.Kxg2 Kf7 39.a4 c3 40.Qxc3 b4 41.Qb3+ Kf8 42.a5 Red8
43.a6 Rd7 44.Qe6 Rdd8 45.a7 Ra8 46.Qe7+ Kg8 47.Qb7 Rdc8 48.h5 gxh5 49.f5  1-0

[Event "FRA-ch"]
[Site "FRA"]
[Date "1991.??.??"]
[Round "?"]
[White "Anic, Darko"]
[Black "Kouatly, Bachar"]
[Result "0-1"]
[WhiteElo "2410"]
[BlackElo "2485"]

1.Nf3 Nf6 2.c4 g6 3.g3 Bg7 4.Bg2 O-O 5.O-O d5 6.cxd5 Nxd5 7.d4 Nb6 8.Nc3 Nc6
9.d5 Na5 10.e4 c6 11.Bg5 h6 12.Bf4 Nac4 13.Qe2 g5 14.Bc1 cxd5 15.exd5 Bg4
16.Qe4 Qd7 17.Re1 Rfe8 18.h4 Bf5 19.Qe2 e6 20.d6 g4 21.Nh2 h5 22.Rd1 Nxd6
23.Be3 Rad8 24.a4 Qc7 25.a5 Nbc4 26.Bd4 Bxd4 27.Rxd4 Nxa5 28.Qe3 Nb3 29.Nd5 exd5
30.Qxb3 Be4 31.Rxa7 Qc5 32.Raa4 b5 33.Rab4 Bxg2 34.Kxg2 Nc4 35.Qc3 Re2 36.Nxg4 Rd6
37.Nh2 Rf6 38.Rg4+ hxg4 39.Qxf6 Ne3+ 40.Kg1 Qc1+  0-1

[Event "FRA-ch"]
[Site "FRA"]
[Date "1991.??.??"]
[Round "2"]
[White "Anic, Darko"]
[Black "Apicella, Manuel"]
[Result "1-0"]
[WhiteElo "2410"]
[BlackElo "2455"]

1.Nf3 Nf6 2.c4 g6 3.g3 Bg7 4.Bg2 O-O 5.O-O d6 6.d4 Nbd7 7.Nc3 e5 8.h3 c6
9.e4 Qb6 10.Re1 exd4 11.Nxd4 Re8 12.Nc2 Nc5 13.b4 Ne6 14.Be3 Qc7 15.Qd2 Nd7
16.f4 Nb6 17.Qd3 Rd8 18.Rac1 a5 19.a3 axb4 20.axb4 Nc5 21.bxc5 dxc5 22.Nd5 cxd5
23.cxd5 c4 24.Nb4 Qd6 25.Qe2 Qxb4 26.Rb1 Qc3 27.Bxb6 Re8 28.Kh2 Ra3 29.Qf2 Rb3
30.Rbc1 Qb4 31.Bc5 Qa4 32.e5 Bf5 33.Qd4 Bd3 34.d6 Qd7 35.Bd5 b6 36.Bxb6 Rb8
37.e6 Bxd4 38.exd7 Rb2+ 39.Kh1 R2xb6 40.Re8+ Kg7 41.d8=Q Rxd8 42.Rxd8 c3
43.Rd7 c2 44.Rxf7+ Kh6 45.g4 g5 46.d7 Rd6 47.Bb3 Be4+ 48.Kh2 Bg6 49.Re7 gxf4
50.h4 Bc5 51.Re6 Rd2+ 52.Kh1 Kg7 53.Bxc2 Bf7 54.Rd1  1-0

[Event "Arnold Cup"]
[Site "Gausdal"]
[Date "1991.??.??"]
[Round "1"]
[White "Loeffler, Stefan"]
[Black "Remlinger, Larry"]
[Result "1-0"]
[WhiteElo "2285"]
[BlackElo "2365"]

1.Nf3 Nf6 2.c4 g6 3.g3 Bg7 4.Bg2 O-O 5.Nc3 d6 6.O-O e5 7.d4 Nbd7 8.e4 exd4
9.Nxd4 Re8 10.Re1 Nc5 11.f3 a5 12.Be3 Nfd7 13.Rc1 Ne5 14.Bf1 a4 15.h3 c6
16.f4 Ned7 17.Bf2 Qa5 18.Re3 Nf8 19.Rc2 Bd7 20.Rd2 f5 21.exf5 Rxe3 22.Bxe3 Re8
23.Re2 gxf5 24.a3 Ne4 25.Nxe4 fxe4 26.Rd2 Ne6 27.Nxe6 Bxe6 28.Qc2 d5 29.Kg2 Rd8
30.cxd5 cxd5 31.Rd4 Bxd4 32.Bxd4 Rc8 33.Qe2 Qc7 34.Qh5 Qf7 35.Qe5 Kf8 36.Qd6+ Qe7
37.Qe5 Rc2+ 38.Kg1 Qf7 39.Qd6+ Kg8 40.Qd8+ Qf8 41.Qg5+ Kf7  1-0

[Event "Gausdal Int"]
[Site "Gausdal"]
[Date "1991.??.??"]
[Round "9"]
[White "Groenn, Atle"]
[Black "Kraidman, Yair"]
[Result "1/2-1/2"]
[WhiteElo "2320"]
[BlackElo "2420"]

1.Nf3 Nf6 2.c4 g6 3.g3 Bg7 4.Bg2 O-O 5.d4 d6 6.O-O Nc6 7.d5 Na5 8.Nfd2 c5
9.Nc3 a6 10.Qc2 Bd7 11.b3 b5 12.Bb2 bxc4 13.bxc4 Qc7 14.Nd1  1/2-1/2